书目信息 |
| 题名: |
版画技法
|
|
| 作者: | 王华祥 主编 | |
| 分册: | 下 丝网版画、综合媒介版画、数码版画技法 | |
| 出版信息: | 北京 北京大学出版社 2020.03 |
|
| 页数: | 201页 | |
| 开本: | 24cm | |
| 丛书名: | ||
| 单 册: | ||
| 中图分类: | J217 | |
| 科图分类: | ||
| 主题词: | 版画技法--ban hua ji fa--高等学校--教材 | |
| 电子资源: | ||
| ISBN: | 978-7-301-31123-3 | |
| 000 | 01372nam 2200277 450 | |
| 001 | CAL 0120203002421 | |
| 005 | 20230302192135.12 | |
| 010 | @a978-7-301-31123-3@dCNY78.00 | |
| 100 | @a20200530d2020 em y0chiy0120 ea | |
| 101 | 0 | @achi |
| 102 | @aCN@b110000 | |
| 105 | @aa z 000yy | |
| 106 | @ar | |
| 200 | 1 | @a版画技法@Aban hua ji fa@h下@d= The printmaking techniques@i丝网版画、综合媒介版画、数码版画技法@f王华祥主编@zeng |
| 210 | @a北京@c北京大学出版社@d2020.03 | |
| 215 | @a201页@c彩图@d24cm | |
| 314 | @a王华祥, 中央美术学院教授、博士生导师、造型学院副院长、版画系主任, 兼任国际学院版画联盟主席、中国艺术研究院中国版画院副院长、意大利罗马美术学院客座教授等。 | |
| 330 | @a本教材基于中央美术学院版画系的教学实践编写, 详细介绍了丝网版画、综合媒介版画、数码版画的发展历史和制作技法, 通过将文字描述与操作图片、作品实例相结合, 对版画制作的环境条件、工具与材料、基本操作流程等相关内容进行了图文并茂地呈现, 使得初学版画的学生翻到书中任何一种技法, 都能按图索骥地完成学习。 | |
| 333 | @a中央美术学院规划教材 | |
| 510 | 1 | @aPrintmaking techniques@zeng |
| 517 | 1 | @a丝网版画、综合媒介版画、数码版画技法@Asi wang ban hua 、zong he mei jie ban hua 、shu ma ban hua ji fa |
| 606 | 0 | @a版画技法@Aban hua ji fa@x高等学校@j教材 |
| 690 | @aJ217@v5 | |
| 701 | 0 | @a王华祥@Awang hua xiang@4主编 |
| 801 | 0 | @aCN@bBJXHZP@c20230228 |
| 905 | @b1380495-8@dJ217@e1603:2@f4 | |
| 版画技法.下= The printmaking techniques.丝网版画、综合媒介版画、数码版画技法/王华祥主编.-北京:北京大学出版社,2020.03 |
| 201页:彩图;24cm |
| 使用对象:中央美术学院规划教材 |
| ISBN 978-7-301-31123-3:CNY78.00 |
| 本教材基于中央美术学院版画系的教学实践编写, 详细介绍了丝网版画、综合媒介版画、数码版画的发展历史和制作技法, 通过将文字描述与操作图片、作品实例相结合, 对版画制作的环境条件、工具与材料、基本操作流程等相关内容进行了图文并茂地呈现, 使得初学版画的学生翻到书中任何一种技法, 都能按图索骥地完成学习。 |
| ● |
| 相关链接 |
|
|
|
|
正题名:版画技法
索取号:J217/1603:2
 
预约/预借
| 序号 | 登录号 | 条形码 | 馆藏地/架位号 | 状态 | 备注 |
| 1 | 1380495 | 213804953 | 第一样本阅览室/ [索取号:J217/1603:2] | 在馆 | |
| 2 | 1380496 | 213804962 | 第一借阅区/ [索取号:J217/1603:2] | 在馆 | |
| 3 | 1380497 | 213804971 | 第一借阅区/ [索取号:J217/1603:2] | 在馆 | |
| 4 | 1380498 | 213804980 | 第一借阅区/ [索取号:J217/1603:2] | 在馆 |